| 000 | 01127nam a22002657a 4500 | ||
|---|---|---|---|
| 999 |
_c2658 _d2658 |
||
| 003 | AR-CdUCM | ||
| 008 | 190305b ||||| |||| 00| 0 spa d | ||
| 020 | _a978-612-4157-63-9 | ||
| 040 |
_aMUNICIPALIDAD PROVINCIAL DEL CUSCO _cBIBLIOTECA MUNICIPAL DEL CUSCO |
||
| 082 |
_25ed. _a348.6 / _bC4 |
||
| 100 |
_aCastillo Guzmán, Jorge _99347 |
||
| 245 | _aCompendio de derecho laboral peruano / | ||
| 260 |
_aLima : _bECB Ediciones, _c2013. |
||
| 300 |
_a864 paginas ; _c25 cm. |
||
| 505 | _aContenido: Régimen laboral común de la actividad privada -- Regímenes especiales y grupos de protección especial -- Capacitación para el trabajo -- Relaciones laborales en el sector público -- Procesos laborales -- Seguridad en el centro de trabajo -- Tributos y otras aportaciones. | ||
| 650 |
_aDerecho laboral _95297 |
||
| 650 |
_aFunción pública _99348 |
||
| 650 |
_aDerecho procesal del trabajo _99349 |
||
| 650 |
_aSeguridad social _99350 |
||
| 700 |
_aDemartini Rivera, Fiorella _99351 |
||
| 700 |
_aPineda Abuhadba, Lyanee _99352 |
||
| 700 |
_aFeria Valverde, Patricia _99353 |
||
| 942 |
_2ddc _cLIBROS |
||
| 945 | _aacv | ||